000 00433nam a2200193Ia 4500
005 20240823050441.0
008 240823s9999||||xx |||||||||||||| ||und||
020 _a81-291-0605-1
041 _aENGLISH
082 _A822.33 Q2
100 _aWilliam Shakespeare
245 0 _aHamlet Prince of Denmark
250 _a1st
260 _c2012
_bRupa
500 _aYES
650 _aNovel
_bEnglish
942 _cBK
999 _c217285
_d217285